Представление документа в формате RUSMARC

ПолеНазваниеЗначение
  Тип записи a
  Библиографический уровень m
001 Контрольный номер RU/CBS_UL/BASE/0a9ad0c78bfa46c6a70124265e83ce14
005 Дата корректировки 20260325142701.2
101 Язык документа __
a Язык текста rus
102 Страна публикации __
a Страна публикации RU
200 Заглавие и сведения об ответственности 0_
a Заглавие № 3
210 Выходные данные __
d Дата издания 2026
461 Уровень набора __
1 2001
a За рулем
v № 3
1 210
d 2026
801 Источник записи __
a Страна RU
b Организация МБУК ЦБС г. Ульяновска
g Правила каталогизации RCR
901 Тип документа __
w Контрольный № источника RU/CBS_Ul/BASE/422314862
t Тип документа s
909 Создатель записи __
a Создатель записи lib2